000 00616nam a22001817a 4500
003 OSt
005 20250811100754.0
008 250811b |||||||| |||| 00| 0 eng d
020 _a1883001579
040 _cChuka university library
050 _aLB 1028.46 .B47 1998
100 _aBernhardt Victoria L.
_921100
245 _aData analysis for comprehensive schoolwide improvement
260 _aUnited states
_bEye on education
_c1998
300 _a292 p.
650 _aComputer managed instructions--United states . 2. school improvement programmes-- united states-- data processing.
_921101
942 _2lcc
_cBK
_n0
999 _c20274
_d20274